Générique Bibifoc - Paroles - Statistiques

Statistiques générales
  • Ce quiz a été pris 43 fois
  • Le résultat moyen est 21 sur 32
Statistiques - réponses
Paroles % Correct
T'es l'roi des {phoques}
100%
Dans l'{Antarctique}
87%
Bibi Bibi Bibi {Bibifoc}
85%
Bibi Bibi Bibi {Bibifoc}
85%
T'es l'roi des {phoques}
82%
Bibi Bibi Bibi {Bibifoc}
79%
Bibi Bibi Bibi {Bibifoc}
79%
Dans l'{Antarctique}
79%
Il est toujours {là}
77%
Dure comme le {roc}
74%
Dure comme le {roc}
72%
Bibi Bibi Bibi {Bibifoc}
69%
Dans l'{Antarctique}
69%
Ton {amitié}
69%
Quand on appelle {Bibi}
67%
T'es l'roi des {phoques}
67%
Ton {amitié}
67%
Bibi Bibi Bibi {Bibifoc}
64%
Bibi Bibi Bibi {Bibifoc}
64%
Il fonce vers {toi}
64%
T'es l'roi des {phoques}
64%
Bibi Bibi Bibi {Bibifoc}
62%
Dans l'{Antarctique}
62%
Dure comme le {roc}
59%
Dure comme le {roc}
56%
Ton {amitié}
56%
Ton {amitié}
54%
En descendant la {vie}
38%
A la chasse aux {méchants}
33%
Il est toujours {gagnant}
33%
Il nous fait tous {rêver}
31%
Dans le bleu des {glaciers}
28%
Aucun quiz correspondant
Distribution des résultats
% des personnes avec chaque résultat
Percentile par nombre de réponses
Votre historique - résultats
Vous n’avez pas pris ce quiz